000
00357cam a2200157ua 4500
020
_c
7.00
041
_a
mal
_h
082
_a
928.94812
_b
SWA/EN
100
_a
Swaminatha Iyyer, U Y .
245
_a
Ente katha /
_c
U Y Swaminatha Iyyer.
_h
Textual Documents
300
_a
363 ; .
365
_a
7.00
504
_a
942
_c
BK
999
_c
5246
_d
5246